000
00231nam a2200097Ia 4500
008
170619s9999 xx 000 0 und d
100
_a
Rao- S.S
245
0
_a
Switchgear Protection & Power Systems
260
_b
Khanna Pub.
260
_c
2012
546
_a
ENGLISH
999
_c
21571
_d
21571